Bodengeoquiz - Uni HD Teil 2 - Statistiken

Allgemein
  • Dieses Quiz wurde 135 mal gespielt
  • Das Durchschnittsergebnis liegt bei 67 aus 90
Antwortstatistiken
Frage Kachel Select % Korrekt
Was sind laut Definition Bestandteile des Bodens? Dünger Nein
97%
Was sind laut Definition Bestandteile des Bodens? Hämatit Nein
97%
Tippe auf die Schichtsilikate: Fluorit Nein
93%
Was kann einen Boden gefährden? Humifizierung Nein
93%
Was sind laut Definition Bestandteile des Bodens? Luft Ja
93%
Was kann einen Boden gefährden? Anthropogener Einfluss Ja
92%
Tippe die lessivierten Böden an: Luvisol Ja
92%
Was kann einen Boden gefährden? Versalzung Ja
92%
Was sind laut Definition Bestandteile des Bodens? Grundwasser Nein
90%
Was sind laut Definition Bestandteile des Bodens? Organische Substanz Ja
90%
Tippe auf Anbauformen im Mediterranem raum Fjord-Anbau Nein
89%
Tippe auf die schwer zersetzbaren Streubestandteile: Blätter Nein
88%
Nenne dominante Böden in den Tropen. Cambisol Nein
88%
Tippe auf Böden mit anthropogenem Einfluss Cambisol Nein
88%
Was kann einen Boden gefährden? Degradation Ja
88%
Tippe auf die schwer zersetzbaren Streubestandteile: Eigelb Nein
88%
Tippe auf die schwer zersetzbaren Streubestandteile: Eiweiß Nein
88%
Was kann einen Boden gefährden? Erosion Ja
88%
Tippe auf die Schichtsilikate: Illit Ja
88%
Tippe auf die Schichtsilikate: Kaolinit Ja
88%
Was sind laut Definition Bestandteile des Bodens? Wasser Ja
88%
Tippe auf die schwer zersetzbaren Streubestandteile: Zucker Nein
88%
Tippe auf die Schichtsilikate: Allit Nein
86%
Tippe auf Böden mit anthropogenem Einfluss Anthrosol Ja
86%
Was kann einen Boden gefährden? Basen Nein
86%
Welche Ionen gehören zur Basensättigung? Calcium Ja
86%
Tippe auf Böden mit anthropogenem Einfluss Podsol Nein
86%
Tippe die lessivierten Böden an: Histosol Nein
85%
Was sind laut Definition Bestandteile des Bodens? Mineralische Substanz Ja
85%
Tippe auf Böden mit anthropogenem Einfluss Arenosol Nein
84%
Welche Ionen gehören zur Basensättigung? Chlor Nein
84%
Tippe auf Böden mit anthropogenem Einfluss Histosol Nein
84%
Welche Ionen gehören zur Basensättigung? Kalium Ja
84%
Welche Ionen gehören zur Basensättigung? Natrium Ja
82%
Nenne dominante Böden in den Tropen. Podsol Nein
82%
Tippe auf die Schichtsilikate: Smectit Ja
82%
Tippe auf Anbauformen im Mediterranem raum Pflug-Feldbau Nein
81%
Was kann einen Boden gefährden? Überdüngung Ja
81%
Welche Ionen gehören zur Basensättigung? Zink Nein
81%
Tippe auf die schwer zersetzbaren Streubestandteile: Stärke Nein
79%
Welche Prozesse/Vorgänge sind mit dem Vertisol verbunden? Versauerung Nein
79%
Tippe auf die schwer zersetzbaren Streubestandteile: Wachse Ja
79%
Tippe auf Anbauformen im Mediterranem raum Enarenado-Invernadero Ja
78%
Tippe auf Anbauformen im Mediterranem raum Entwässerungsfeldbau Nein
78%
Tippe auf die Schichtsilikate: Vermiculit Ja
78%
Tippe auf die schwer zersetzbaren Streubestandteile: Gerbstoffe Ja
77%
Welche Ionen gehören zur Basensättigung? Magnesium Ja
77%
Tippe auf Anbauformen im Mediterranem raum Terassenfeldbau Ja
77%
Tippe die lessivierten Böden an: Ferralsol Nein
75%
Tippe auf die schwer zersetzbaren Streubestandteile: Harze Ja
75%
Tippe auf die Schichtsilikate: Imogolit Nein
75%
Tippe auf die schwer zersetzbaren Streubestandteile: Lignin Ja
75%
Tippe auf Anbauformen im Mediterranem raum Nassreis-Anbau Nein
75%
Tippe auf Böden mit anthropogenem Einfluss Technosol Ja
75%
Nenne dominante Böden in den Tropen. Ferralsol Ja
74%
Nenne dominante Böden in den Tropen. Luvisol Nein
74%
Tippe die lessivierten Böden an: Cambisol Nein
73%
Welche Prozesse/Vorgänge sind mit dem Vertisol verbunden? Galgai-Relief Nein
73%
Was sind laut Definition Bestandteile des Bodens? Tonminerale Nein
73%
Was kann einen Boden gefährden? Verlehmung Nein
73%
Tippe die lessivierten Böden an: Planosol Nein
71%
Welche Prozesse/Vorgänge sind mit dem Vertisol verbunden? Sesquioxidbildung Nein
70%
Welche Prozesse/Vorgänge sind mit dem Vertisol verbunden? Lessivierung Nein
68%
Welche Ionen gehören zur Basensättigung? Silizium Nein
68%
Welche Ionen gehören zur Basensättigung? Aluminium Nein
67%
Tippe auf Böden mit anthropogenem Einfluss Plaggenesch Ja
67%
Nenne dominante Böden in den Tropen. Plinthosol Ja
67%
Welche Ionen gehören zur Basensättigung? Eisen Nein
66%
Tippe auf Anbauformen im Mediterranem raum Huerta Ja
66%
Was kann einen Boden gefährden? Methaneintrag Nein
66%
Tippe die lessivierten Böden an: Podsol Nein
63%
Welche Prozesse/Vorgänge sind mit dem Vertisol verbunden? Peloturbation Ja
62%
Tippe auf Anbauformen im Mediterranem raum Vega Ja
60%
Nenne dominante Böden in den Tropen. Acrisol Ja
59%
Was sind laut Definition Bestandteile des Bodens? Edaphon Nein
59%
Nenne dominante Böden in den Tropen. Vertisol Ja
58%
Tippe die lessivierten Böden an: Alisol Ja
55%
Tippe auf die Schichtsilikate: Palygorskit Nein
55%
Welche Prozesse/Vorgänge sind mit dem Vertisol verbunden? Gilgai-Relief Ja
53%
Welche Prozesse/Vorgänge sind mit dem Vertisol verbunden? Selbstmulcheffekt Ja
53%
Nenne dominante Böden in den Tropen. Alisol Nein
52%
Tippe die lessivierten Böden an: Lixisol Ja
52%
Tippe die lessivierten Böden an: Acrisol Ja
51%
Nenne dominante Böden in den Tropen. Lixisol Ja
49%
Tippe auf Anbauformen im Mediterranem raum Regenfeldbau Ja
49%
Welche Prozesse/Vorgänge sind mit dem Vertisol verbunden? Slickensides Ja
48%
Tippe auf Böden mit anthropogenem Einfluss Hortisol Ja
44%
Tippe auf Böden mit anthropogenem Einfluss Ortstein-Podsol Ja
44%
Tippe auf die Schichtsilikate: Chlorit Ja
42%
Welche Prozesse/Vorgänge sind mit dem Vertisol verbunden? Materialsortierung Ja
29%
Keine übereinstimmenden Quizze gefunden
Verteilung der Resultate
Anzahl Personen mit jedem Resultat
Perzentil nach korrekt beantworteten Fragen
Ihre Resultats-Entwicklung
Sie haben dieses Quiz noch nicht gespielt